00673nam a2200205Ia 4500008004100000020001000041040001900051041001200070082004000082100002600122245016700148250001100315260003200326300001700358504002400375630001800399650001700417651001100434850002200445131103s9999 xx 000 0 und d cRs 50 aLoreto College aEnglish a891.431/PRAbLCLIB/HinSem/495/44870 aChaturvedi, Ramswarup aPrasad-Nirala-Agyeyab Parangpara, vidraha aur adhunikata ke beech kavita ka vikash athva kavita me sangit, mukt chhand aur gadya ke vinyas cRamswarup Chaturvedi a5th ed aAllahabadbLokbharatic2005 a97p c 22 cm aIncludes chronology aPoetry, Hindi aHindi Poetry aKavita aLCLIB/891.431/PRA